00632nam a2200169Ia 4500008004100000082001500041100000900056245005700065250000600122260003000128300000800158630005700166730005700223942000900280999001900289952015400308100122s9999 xx 000 0 und d b34760a238 aPAUL aTHE HOLY GOSPEL : of Our Lord & Saviour Jesus Christ a0 bST PAUL PUBLICATIONc1943 a471 aTHE HOLY GOSPEL : of Our Lord & Saviour Jesus Christ aTHE HOLY GOSPEL : of Our Lord & Saviour Jesus Christ cBOOK c371009d371006 00104070aSVPPARLEbSVPPARLEd2002-04-28g5.00l0o34760pSVPPARLE-34760r2010-01-25 00:00:00v5.00w2010-01-25yBOOKz"BUNDLE- C-1, , General, NA"